ბათუმის შოთა რუსთაველის სახელმწიფო უნივერსიტეტის ბიბლიოთეკა

ენათმეცნიერების შესავალი (ბიბ.ჩანაწერი № 35829)

000 -LEADER
fixed length control field 00624nam a2200205Ia 4500
001 - CONTROL NUMBER
control field 1720
003 - CONTROL NUMBER IDENTIFIER
control field GE_BSU
008 - FIXED-LENGTH DATA ELEMENTS--GENERAL INFORMATION
fixed length control field 181216s||||||||xx |||||||||||||| ||und||
040 ## - CATALOGING SOURCE
Transcribing agency GE_BSU
080 ## - UNIVERSAL DECIMAL CLASSIFICATION NUMBER
Universal Decimal Classification number 81(075.8)
100 ## - MAIN ENTRY--PERSONAL NAME
Personal name ჩიქობავა,ა.ს.
245 ## - TITLE STATEMENT
Title ენათმეცნიერების შესავალი
260 ## - PUBLICATION, DISTRIBUTION, ETC.
Place of publication, distribution, etc. თბილისი
260 ## - PUBLICATION, DISTRIBUTION, ETC.
Name of publisher, distributor, etc. თბილისის სახ. უნ–ტი
260 ## - PUBLICATION, DISTRIBUTION, ETC.
Date of publication, distribution, etc. 1952
300 ## - PHYSICAL DESCRIPTION
Extent 412გვ. 21სმ.
653 ## - INDEX TERM--UNCONTROLLED
Uncontrolled term ენათმეცნიერების შესავალი
942 ## - ADDED ENTRY ELEMENTS (KOHA)
Koha item type წიგნი
ეგზემპლარები
Withdrawn status Lost status Damaged status Not for loan Date acquired Barcode Date last seen Price effective from Koha item type Public note
        2018-12-17 3617 2018-12-17 2018-12-17 წიგნი დარბაზი